Through the looking glass (Record no. 567867)

MARC details
000 -LEADER
fixed length control field 00237nam a2200097Ia 4500
082 ## - DEWEY DECIMAL CLASSIFICATION NUMBER
Classification number 823.8 SWIF
008 - FIXED-LENGTH DATA ELEMENTS--GENERAL INFORMATION
fixed length control field 210825s9999 xx 000 0 und d
100 ## - MAIN ENTRY--PERSONAL NAME
Personal name Carroll, Lewis
9 (RLIN) 59368
245 #0 - TITLE STATEMENT
Title Through the looking glass
942 ## - ADDED ENTRY ELEMENTS
item type Books
-- 296
-- Phillipina Naude

No items available.